Concepts of physics (Record no. 153126)

MARC details
000 -LEADER
fixed length control field 00602nam a22001817a 4500
005 - DATE AND TIME OF LATEST TRANSACTION
control field 20180701135206.0
020 ## - INTERNATIONAL STANDARD BOOK NUMBER
International Standard Book Number 8177092324
Terms of availability 178.00
035 ## - SYSTEM CONTROL NUMBER
System control number B-82330
037 ## - SOURCE OF ACQUISITION
Source of stock number/acquisition Bharati Bhawan
082 ## - DEWEY DECIMAL CLASSIFICATION NUMBER
Classification number 530
100 ## - MAIN ENTRY--PERSONAL NAME
Personal name Verma, H.C.
245 ## - TITLE STATEMENT
Title Concepts of physics
Statement of responsibility, etc H.C. Verma,
260 ## - PUBLICATION, DISTRIBUTION, ETC. (IMPRINT)
Place of publication, distribution, etc New Delhi
Name of publisher, distributor, etc Bharati Bhawan
Date of publication, distribution, etc 1993
270 ## - ADDRESS
Address 4271/3 Ansari Road, Daryaganj, New Delhi 110002
City New Delhi
Postal code 110002
300 ## - PHYSICAL DESCRIPTION
Extent 466p.
Dimensions 27cm(pb)
942 ## - ADDED ENTRY ELEMENTS (KOHA)
Source of classification or shelving scheme Dewey Decimal Classification
Item type English Books
Classification part 530
Call number suffix VER
Holdings
Withdrawn status Lost status Not for loan Collection code Home library Current library Date acquired Full call number Barcode Koha item type
      Non-fiction Sarojini Nagar Sarojini Nagar 01/07/2018 530 VER B-082330 English Books

© Delhi Public Library
Hit Counter
free hit counter